|
|
|
|
| LEADER |
00000nam2a2200000 4500 |
| 001 |
159876 |
| 005 |
20231101222139.0 |
| 010 |
|
|
|a 9785020231887
|
| 010 |
|
|
|a 978-5-02-023186-3
|
| 035 |
|
|
|a (RuTPU)RU\TPU\book\173392
|
| 090 |
|
|
|a 159876
|
| 100 |
|
|
|a 20090515d2007 k y0rusy50 ca
|
| 101 |
0 |
|
|a rus
|
| 102 |
|
|
|a RU
|
| 105 |
|
|
|a a z 001zy
|
| 200 |
0 |
|
|a Т. 4 : Редкоземельные пегматиты. Пегматиты необычного состава
|f под ред. В. А. Макрыгиной
|
| 210 |
|
|
|d 2007
|
| 215 |
|
|
|a 432 с.
|c ил.
|
| 320 |
|
|
|a Библиогр.: с. 392-422.
|
| 330 |
|
|
|a В первой части монографии дается характеристика редкоземельных пегматитов двух пегматитовых формаций: редкометалльно-редкоземельной и полевошпатовой. Приводятся сведения по геологии пегматитоносных территорий, внутреннему строению пегматитовых тел, минералогии и геохимии пегматитов, развитых в Евразии, Америке, Африке и Австралии. Особенно детально рассмотрены пегматиты Сибири. Вторая часть посвящена пегматитам необычного состава, включающим корунд, шпинель, флогопит, андалузит, кордиерит, скаполит, амфиболы, пироксены и другие минералы, богатые Mg, Са и А1. Некоторые из них содержат изумруд, хризоберилл и прозрачные разности минералов и представляют интерес в качестве источников ограночных камней.
|
| 461 |
|
1 |
|0 (RuTPU)RU\TPU\book\192856
|t Гранитные пегматиты
|o в 5 т.
|f Российская академия наук (РАН), Сибирское отделение (СО), Институт геохимии им. А. П. Виноградова (ИГХ)
|v Т. 4 : Редкоземельные пегматиты. Пегматиты необычного состава
|d 1990-
|
| 606 |
1 |
|
|a Пегматиты гранитные
|2 stltpush
|3 (RuTPU)RU\TPU\subj\48408
|9 67279
|
| 610 |
1 |
|
|a редкоземельные пегматиты
|
| 610 |
1 |
|
|a классификация
|
| 610 |
1 |
|
|a размещение
|
| 610 |
1 |
|
|a возраст
|
| 610 |
1 |
|
|a пегматитоносные регионы
|
| 610 |
1 |
|
|a геологическое строение
|
| 610 |
1 |
|
|a гранитоиды
|
| 610 |
1 |
|
|a внутреннее строение
|
| 610 |
1 |
|
|a минеральный состав
|
| 610 |
1 |
|
|a минералогия
|
| 610 |
1 |
|
|a геохимия
|
| 610 |
1 |
|
|a редкие элементы
|
| 610 |
1 |
|
|a камни-самоцветы
|
| 675 |
|
|
|a 552.322.2
|v 3
|
| 702 |
|
1 |
|a Макрыгина
|b В. А.
|4 340
|
| 801 |
|
1 |
|a RU
|b 63413507
|c 20090515
|g PSBO
|
| 801 |
|
2 |
|a RU
|b 63413507
|c 20160426
|g PSBO
|
| 942 |
|
|
|c BK
|